Statistická ročenka 1981 odvětví potravinářského průmyslu

Uložené v:
Podrobná bibliografia
Médium: Kniha
Jazyk:Czech
Vydavateľské údaje: Praha Federální ministerstvo zemědělství a výživy 1982
Tagy: Pridať tag
Žiadne tagy, Buďte prvý, kto otaguje tento záznam!

MARC

LEADER 00000nam a2200000 4500
001 c132011
005 20041019155254.0
041 0 |a cze 
044 |a CZ 
245 1 0 |a Statistická ročenka 1981  |b odvětví potravinářského průmyslu 
264 1 |a Praha  |b Federální ministerstvo zemědělství a výživy  |c 1982 
300 |a 153 s.